Проекты Конституции (Основного закона) Северо-Осетинской Автономной Советской Социалистической Республики

Доступно только в Электронных читальных залах Найти на картеНа карте
RUSMARC
00003949nac2a22002651x 450
0016a50ea8a-8984-4f6c-8960-ac382186d1dc
00520170731150447.0
100##$a20170511l1936 k y0rusy50 ca
1010#$arus
102##$aRU
105##$ay z |||||
1220#$ad19361231
1222#$ad1936
$ad1937
2001#$aПроекты Конституции (Основного закона) Северо-Осетинской Автономной Советской Социалистической Республики
$j1936
215##$a101 лист
251##$cДело
300##$aЗаголовок дела на папке: Проекты Конституции (Основного закона) Северо-Осетинской Автономной Советской Социалистической Республики. 1936/1937 гг.
300##$aМашинописный текст
461#0$1001796d4672-8a00-4986-b488-6e42273792cc
$12001
$aЦЕНТРАЛЬНЫЙ ИСПОЛНИТЕЛЬНЫЙ КОМИТЕТ СССР (ЦИК СССР)
$1251
$cФонд
$1852
$j3316
$gР
462#0$10010736b8bf-8840-4bca-ade5-9763b78610b8
$12001
$aДела Конституционной Комиссии за 1936 год
$vД. 52
$1251
$cОпись
$1852
$j40
5171#$aПроекты Конституции (Основного закона) Северо-Осетинской Автономной Советской Социалистической Республики. 1936/1937 гг.
60101$3RU\NLR\AUTH\880357276
$aСССР
$bЦИК
801#0$aRU
$bGA_RF
801#1$aRU
$bАО "НПО Опыт"
$c20170511
$2rusmarc
801#2$aRU
$bПБ им. Б.Н. Ельцина
$c20170731
$gRCR
$2rusmarc
852##$aГА РФ
$j52
937##$d100866243
$hПБ
035##$aRuPRLIB51042217
856##$uhttp://readingroom.main.prlib.ru/item.aspx?id_node=n100866243&mode=full
Формат отображения